Quality improvement and organizational malaise.

Analyzujú sa známe situácie, keď dochádza k rozladenosti vedenia voči starostlivosti o akosť alebo záujmu oň. Dôsledkom stavu je strata aktivity a orientácie pracovníkov akosti. Zásady pre postup pracovníka akosti pri zistení takejto situácie v podniku.

Gespeichert in:
Bibliographische Detailangaben
1. Verfasser: Thurber, H.L
Format: Buchkapitel
Sprache:Englisch
Schlagworte:
Tags: Tag hinzufügen
Keine Tags, Fügen Sie das erste Tag hinzu!

MARC

LEADER 00000naa a2200000 4500
001 r011248
005 20220913122618.1
041 0 |a eng 
044 |a US 
245 1 0 |a Quality improvement and organizational malaise.  |c H.L. Thurber 
520 |a Analyzujú sa známe situácie, keď dochádza k rozladenosti vedenia voči starostlivosti o akosť alebo záujmu oň. Dôsledkom stavu je strata aktivity a orientácie pracovníkov akosti. Zásady pre postup pracovníka akosti pri zistení takejto situácie v podniku. 
610 2 0 |a kontrola kvality 
610 2 0 |a riadenie kvality 
610 2 0 |a pracovníci 
610 2 0 |a podnik 
610 2 0 |a správanie 
610 2 0 |a riadenie podnikové 
610 2 0 |a útvary podnikové 
610 2 0 |a kvalita 
100 1 |a Thurber, H.L.